| 000 | 00305 a2200121 4500 | ||
|---|---|---|---|
| 001 | 64108 | ||
| 082 | _a621.4021HOW | ||
| 090 |
_c37882 _d37882 |
||
| 100 | _aHowell John.R | ||
| 245 | _aFundamentals of Engineering thermodynamics ( SI ) version | ||
| 260 |
_aNY _bMcGraw-Hill _c1987 |
||
| 300 | _a643 p. | ||
| 942 |
_aNUST-CAE _k621.4021HOW |
||
| 999 |
_c299181 _d299181 |
||